000 00766nam a2200265 a 4500
999 _c1935
_d1935
001 1935
003 BD-JhCC
005 20171026172941.0
008 850718s1986 mauaf b 001 0 eng
020 _a0395402824 (pbk.)
035 _a(BD-JhCC)1935
040 _aDLC
_cDLC
_dDLC
041 _aeng
050 0 0 _aPE1408
_b.H2952 1986
082 0 0 _a808/.042
_219
_bHAI 1986
100 1 _aHairston, Maxine.
245 1 0 _aContemporary composition /
_cMaxine Hairston.
250 _a4th ed., Short ed.
260 _aBoston :
_bHoughton Mifflin Co.,
_cc1986.
300 _axii, 490 p., [4] p. of plates :
_bill. ;
_c23 cm.
504 _aIncludes bibliographical references and index.
650 0 _aEnglish language
_xRhetoric.
942 _2ddc
_cBK